An introduction to classical econometric theory (Registro nro. 6064)
[ vista simple ]
| 000 -LEADER | |
|---|---|
| fixed length control field | 01808 a2200229 4500 |
| 001 - CONTROL NUMBER | |
| control field | 56893 |
| 005 - DATE AND TIME OF LATEST TRANSACTION | |
| control field | 20260407155832.0 |
| 008 - FIXED-LENGTH DATA ELEMENTS--GENERAL INFORMATION | |
| fixed length control field | 260407a2000 arg spa d |
| 003 - CONTROL NUMBER IDENTIFIER | |
| control field | AR-UNSa-BCEJYS |
| 040 ## - CATALOGING SOURCE | |
| Original cataloging agency | AR-UNSa-BCEJYS |
| Language of cataloging | spa |
| Transcribing agency | AR-UNSa-BCEJYS |
| 080 ## - UNIVERSAL DECIMAL CLASSIFICATION NUMBER | |
| Universal Decimal Classification number | 330.43 |
| Common auxiliary subdivision | Econometría |
| 020 ## - INTERNATIONAL STANDARD BOOK NUMBER | |
| International Standard Book Number | 0-19-511164-8 |
| 041 ## - LANGUAGE CODE | |
| Language code of text/sound track or separate title | spa |
| 100 1# - MAIN ENTRY--PERSONAL NAME | |
| Personal name | Ruud, Paul A. |
| 245 10 - TITLE STATEMENT | |
| Title | An introduction to classical econometric theory |
| 264 #1 - PRODUCTION, PUBLICATION, DISTRIBUTION, MANUFACTURE, AND COPYRIGHT NOTICE | |
| Place of production, publication, distribution, manufacture | New York : |
| Name of producer, publisher, distributor, manufacturer | Oxford University Press |
| Date of production, publication, distribution, manufacture, or copyright notice | 2000 |
| 300 ## - PHYSICAL DESCRIPTION | |
| Extent | xxiv, 951 p. |
| Dimensions | 26 cm. |
| 505 ## - FORMATTED CONTENTS NOTE | |
| Formatted contents note | I. Ordinary Least Squares: 1. The Least Squares Linear Fit - 2. The Geometry of Least Squares - 3. Partitioned Fit - 4. Restricted Least Squares - 5. Overview ofc Ordinary Least Squares - II. Linear Regression: 6. Linear Unbiased Estimation - 7. Variances and Covariances - 8. Variances and Covariances of Ordinary Least Squares - 9. Efficient Estimation - 10. Normal Distribution Theory - 11. Hypothesis Testing - 12. Overview of Linear Regression - III. Generalizations of the Linear Model: 13. Non-Normal Distribution Theory - 14. Maximum Likelihood Estimation - 15. Maximum Likelihood Asymptotics - 16. Maximum Likelihood Computation - 17. Maximum Likelihood Statistical Inference - 18. Heteroskedasticity - 19. Serial Correlation - 20. Instrumental Variables Estimation - 21. The Generalized Method of Moments - 22. Generalized Method of Moments Hypothesis Tests - 23. Overview - IV. Latent Variable Models - 24. Panel Data Models - 25. Autoregressive Moving-Average Time Series Models - 26. Simultaneous Equations - 27. Discrete Dependent Variables - 28. Censored and Truncated Variables - 29. Overview |
| 590 ## - LOCAL NOTE (RLIN) | |
| Local note | niveau_biblio:m niveau_hierar:0 |
| 856 41 - ELECTRONIC LOCATION AND ACCESS | |
| Uniform Resource Identifier | <a href="https://biblioeco.unsa.edu.ar/pmb/images/libros/L128625.jpg">https://biblioeco.unsa.edu.ar/pmb/images/libros/L128625.jpg</a> |
| Link text | Imagen de portada |
| Electronic format type | image/jpeg |
| 942 ## - ADDED ENTRY ELEMENTS (KOHA) | |
| Koha item type | |
| Withdrawn status | Lost status | Damaged status | Not for loan | Home library | Current library | Shelving location | Date acquired | Total checkouts | Full call number | Barcode | Date last seen | Price effective from | Koha item type |
|---|---|---|---|---|---|---|---|---|---|---|---|---|---|
| Biblioteca Prof. Eusebio Cleto del Rey | Biblioteca Prof. Eusebio Cleto del Rey | 07/04/2026 | 330.43 R894 | L128625 | 07/04/2026 | 07/04/2026 | Libro |